Регионална библиотека "Любен Каравелов" - Русе

Толкова много гладни (Запис номер 155657)

MARC детайли
000 -Лидер
Контролно поле с фиксирана дължина nam a22 a 4500
003 - Код на организацията, давaща контролен номер
Контролно поле BLK
005 - Дата и час на последна редакция
Контролно поле 20211111104912.0
008 - Елементи от данни с фиксирана дължина
fixed length control field 180410b bul|||||r ||||||| ||bul||
010 ## - Наследен системен номер
LC control number KNG00162337000
040 ## - Източник на каталожния запис
Идентификатор на билиотеката - собственик на записа BLK
041 ## - Код за език
Код за езика на текст/звукозапис или на отделно заглавие Български
Код за езика КДБФ Български
080 ## - УДК
Текстов определител УДК Индийска литература
УДК код - определител по УДК 821.21
УДК определител -31
УДК - код + определител 821.21-31
100 1# - Редна дума - Автор
Автор Бхатачария, Бхабани
Авторска отговорност първи автор
R(LIN) 44316
139 ## - Редно поле
Редна дума Бхатачария, Бхабани
Авторски знак Бух - Б 90
245 10 - Сведения за заглавието
Заглавие Толкова много гладни
Подзаглавни данни Роман
Редно поле (дума) Бхабани Бхатачария; прев. от англ. Лиляна Илкова-Златинова.
257 ## - Страна на издаване
Страна на създаване/издаване Индия
260 ## - Област на издателските данни
Име на издателя, разпространителя и проч. НС ОФ
Година на издаване 1958
Място на издаване, разпространение и проч. София
300 ## - Физическа характеристика
Страници 228 с.
Размери/Мащаб 20 см
380 ## - Жанр
Жанр Худож. лит.
500 ## - Общи забележки
Забележка 5 400 тир.
700 1# - Други автори (авторска отговорност)
Лично име Илкова-Златинова, Лиляна
Автороска отговорност (Описва отношението между автора и произведението) прев. от англ.
9 (RLIN) 315765
852 ## - Местоположение
Форматна сигнатура Цб 10413
Фондова буква Хранилище
999 ## - СИСТЕМНИ КОНТРОЛНИ НОМЕРА
Koha biblionumber 155657
Koha biblioitemnumber 155657
942 ## - АРТИКУЛИ
Вид на библиотечния материал Книги
Скрит в OPAC Не
Периодичен библиозапис Да
944 ## - СЪЗДАВАНЕ И РЕДАКЦИЯ на ЗАПИСА
Създаване/Редакция Създаване
Дата на регистрацията/редакция 19.06.2014
Статус, дата на статуса 19.06.2014 - от С1,Р / 19.06.2014
Служител, извършил регистрацията/редакцията Правда_Бадева
944 ## - СЪЗДАВАНЕ И РЕДАКЦИЯ на ЗАПИСА
Създаване/Редакция Редакция
Дата на регистрацията/редакция 2021-11-11
Статус, дата на статуса 2021-11-11
Наличности
Код за отписване Код за изгубен артикул Източник на класификационната схема Код за повреда Коз за рестрикции Код за отдаване Артикулен № Име на библиотеката - собственик Име на библиотеката, в която се намира в момента Статус (Текущо местоположение) Дата на вписване в системата Местоположение - отдел Цена в лева Инвентарен номер Систематично азбучна сигнатура Баркод Номер на екземпляра Цена в евро Служебна бележка Служебен тип на артикула
Изтеглен Не е изгубен Universal Decimal Classification Не е повреден без рестрикции ползва се в читалня 261069 Регионална библиотека "Любен Каравелов" Русе Регионална библиотека "Любен Каравелов" Русе Хранилище 1958-01-01 Основен фонд - ползва се само за читалня 0.77 11823/63 П 11823/63 1 0.39 N: стар фонд Дата: 01.01.1958 Книги
  Не е изгубен Universal Decimal Classification Не е повреден само за читалня ползва се в читалня 261070 Регионална библиотека "Любен Каравелов" Русе Регионална библиотека "Любен Каравелов" Русе Хранилище 1958-01-01 Хранилище 0.77 6462/58 Цб 10413 900000084205 2 0.39 N: стар фонд Дата: 01.01.1958 Книги
Изтеглен Не е изгубен Universal Decimal Classification Не е повреден без рестрикции ползва се в читалня 261071 Регионална библиотека "Любен Каравелов" Русе Регионална библиотека "Любен Каравелов" Русе Хранилище 1958-01-01 Основен фонд - ползва се само за читалня 0.77 167/58-пф П 167/58-пф 3 0.39 N: стар фонд Дата: 01.01.1958 Книги
Изтеглен Не е изгубен Universal Decimal Classification Не е повреден без рестрикции ползва се в читалня 261072 Регионална библиотека "Любен Каравелов" Русе Регионална библиотека "Любен Каравелов" Русе Хранилище 1958-01-01 Основен фонд - ползва се само за читалня 0.00 167048 Цб 10413 167048 4 0.00 N: стар фонд Дата: 01.01.1958 Книги
Vip Innovations Ltd, Rousse, Bulgaria 2025